Football or Rapper Quiz Stats

 Plays Quiz not verified by Sporcle

Score 0/20 Timer 01:00
0 Plays Today
Name Answer % Correct
Victor Cruz???
93.9%
Dexter McCluster???
82.8%
Jacquizz Rodgers???
80.4%
Terrence Austin???
66.3%
Antoine McColister???
64.3%
Jay Jenkins???
63.8%
Reggie Noble???
63.3%
Andre Goodman???
60.3%
Shad Moss???
59.1%
Kris Brown???
56.3%
Name Answer % Correct
Phillip Dillard???
53.7%
Adam Snyder???
52.6%
O'Shea Jackson???
52.4%
Robert Van Winkle???
52.4%
Rodney Hudson???
51.9%
Matthew Miller???
51.5%
Stylez White???
48.1%
John Forte???
45.3%
Paul Slayton???
44.5%
Robert Diggs???
41.2%

You're not logged in!

Compare scores with friends on all Sporcle quizzes.
OR
Log In

Show Comments

Extras

Top Quizzes Today


Score Distribution

Your Account Isn't Verified!

In order to create a playlist on Sporcle, you need to verify the email address you used during registration. Go to your Sporcle Settings to finish the process.

Report this User

Report this user for behavior that violates our Community Guidelines.

Details: